| 000 | 00972cam a22002054a 4500 | ||
|---|---|---|---|
| 005 | 20250605164043.0 | ||
| 008 | 250528s ||||||||||||||||||||||||d | ||
| 035 | _a17052 | ||
| 020 | _a91639913 | ||
| 040 |
_aGR-AtMCL _bgre _dGR-AtMCL _eAACR2 |
||
| 245 | 1 | _aFoundations of Political Science / 2nd Edition | |
| 250 | _a2nd | ||
| 260 |
_bHutchinson, _c1986 |
||
| 300 | _a368 | ||
| 520 | _aThis new edition has been expanded and updated throughout to take account of developments in political science and the world of politics itself, with more emphasis on the comparative aspects than hitherto. Preface, Fundamental Questions, The Comparative View of Political Science, Political Structures, Government and Political Institutions, How People Behave in Politics, The Idea of Revolution, Political Ideas, Democracy, Socialism and Communism, Nationalism, Conclusion, Glossary, Index. | ||
| 700 | 1 |
_aHarris Peter _9918 |
|
| 942 | _cBK | ||
| 999 |
_c2492 _d2492 |
||